[Event "?"]
[Site "?"]
[Date "2011.08.14"]
[Round "5.30"]
[White "Hiendl, David"]
[Black "Reinartz, Ulrich"]
[Result "0-1"]
[WhiteElo "1442"]
[BlackElo "1668"]
[PlyCount "78"]
[EventDate "2011.??.??"]
[WhiteTeam "SF Lohmar 1974 e.V."]
[BlackTeam "vereinslos"]

1. e4 c5 2. Nf3 Nc6 3. d4 cxd4 4. Nxd4 e5 5. Nb3 Nf6 6. Nc3 Bb4 7. Bd2 Bxc3 8.
Bxc3 Nxe4 9. Qg4 d5 10. Qxg7 Qf6 11. Qxf6 Nxf6 12. O-O-O d4 13. Be1 Bf5 14. f3
Nd5 15. Bd3 Bxd3 16. Rxd3 Ndb4 17. Bxb4 Nxb4 18. Rdd1 Nxa2+ 19. Kb1 Nb4 20.
Rhe1 f6 21. Rxd4 Nc6 22. Rd6 Ke7 23. Red1 Rad8 24. Rxd8 Rxd8 25. Rxd8 Nxd8 26.
c3 Ne6 27. g3 b6 28. Kc2 Kd6 29. Kd3 Nc5+ 30. Nxc5 Kxc5 31. g4 a5 32. h4 h6 33.
h5 a4 34. Kd2 Kc4 35. Kc2 b5 36. Kd2 Kb3 37. Kc1 a3 38. bxa3 Kxc3 39. Kb1 Kb3
0-1

[Event "?"]
[Site "?"]
[Date "2011.08.14"]
[Round "5.31"]
[White "Faust, Maikel"]
[Black "Hiendl, Robert"]
[Result "0-1"]
[WhiteElo "1661"]
[BlackElo "1568"]
[PlyCount "39"]
[EventDate "2011.??.??"]
[WhiteTeam "SG Porz e.V."]
[BlackTeam "SF Lohmar 1974 e.V."]

1. d4 d5 2. c4 e6 3. Nc3 Nf6 4. Bg5 c6 5. e3 Nbd7 6. Qc2 Qa5 7. f3 Bb4 8. Bd3
dxc4 9. Bxf6 cxd3 10. Qxd3 Nxf6 11. Nge2 O-O 12. h4 e5 13. g4 exd4 14. Nxd4 Nd5
15. Nde2 Re8 16. e4 Bxc3+ 17. bxc3 Nf6 18. g5 Nh5 19. f4 Bg4 20. Rf1 0-1

[Event "?"]
[Site "?"]
[Date "2011.08.14"]
[Round "5.32"]
[White "Hayward, Alan"]
[Black "Schröter, Heinz-Jürgen"]
[Result "1-0"]
[WhiteElo "1977"]
[BlackElo "1156"]
[PlyCount "57"]
[EventDate "2011.??.??"]
[BlackTeam "SV Horrem 1948"]

1. d4 d5 2. Nc3 Nf6 3. Bg5 h6 4. Bh4 Nc6 5. f3 e5 6. dxe5 Nxe5 7. Bxf6 gxf6 (
7... Qxf6 8. Nxd5 Qd6 9. e4 c6 10. Ne3 Qb4+) 8. Qxd5 Bd7 9. O-O-O c6 10. Qd4
Bc5 11. Qxc5 b6 12. Qd4 c5 13. Qd5 Rg8 14. e4 Rg5 15. f4 Ng4 16. fxg5 Ne3 17.
Qxd7+ Qxd7 18. Rxd7 Kxd7 19. Bb5+ Ke6 20. gxh6 a6 21. Bc6 Rd8 22. Bd5+ Ke7 23.
Nf3 b5 24. Re1 Nxg2 25. Rg1 Nf4 26. Bb7 Ke6 27. Bxa6 b4 28. Bc4+ Ke7 29. Nd5+
1-0

[Event "?"]
[Site "?"]
[Date "2011.08.14"]
[Round "5.34"]
[White "Masalsky, Boris"]
[Black "Pister, Gottlieb"]
[Result "0-1"]
[WhiteElo "1477"]
[BlackElo "1833"]
[PlyCount "70"]
[EventDate "2011.??.??"]
[WhiteTeam "LSV Turm Lippstadt"]
[BlackTeam "SF Köln-Longerich 195"]

1. e4 e5 2. Nf3 Nc6 3. d4 exd4 4. Nxd4 Nf6 5. Nc3 Bc5 6. Be3 Nxd4 7. Bxd4 Bxd4
8. Qxd4 O-O 9. Be2 d6 10. O-O Re8 11. Rfe1 Bd7 12. Bc4 Be6 13. Bxe6 Rxe6 14.
Rad1 Qe7 15. f3 c6 16. Qf2 Nh5 17. Kf1 b6 18. a3 Re8 19. Rc1 Rg6 20. Ne2 Qe5
21. g4 Nf6 22. c3 Nxg4 23. fxg4 Rf6 24. Ng3 Rxf2+ 25. Kxf2 Qf4+ 26. Kg2 Qxg4
27. Rcd1 h5 28. Kf2 Qf4+ 29. Kg2 h4 30. Nf5 h3+ 31. Kxh3 Qf3+ 32. Ng3 Re6 33.
Kh4 Rh6+ 34. Kg5 Qf6+ 35. Kg4 Rh4# 0-1

[Event "?"]
[Site "?"]
[Date "2011.08.13"]
[Round "2.14"]
[White "Ziabari, Morteza"]
[Black "Hayward, Alan"]
[Result "0-1"]
[WhiteElo "1808"]
[BlackElo "1977"]
[PlyCount "114"]
[EventDate "2011.??.??"]
[WhiteTeam "SF Köln-Müngersdorf 1935"]

1. e4 d5 2. exd5 Nf6 3. c4 c6 4. dxc6 Nxc6 5. Nf3 e5 6. d3 Bc5 7. Be2 Bf5 8.
Nc3 O-O 9. O-O h6 10. a3 a5 11. Na4 Ba7 12. Be3 Bxe3 13. fxe3 Qe7 14. Nh4 Be6
15. Nf5 Bxf5 16. Rxf5 Rad8 17. Qc2 Rd7 18. Raf1 Rfd8 19. Nb6 Rd6 20. Nd5 Nxd5
21. cxd5 Rxd5 22. Rxf7 Qg5 23. R1f3 R5d7 24. Qc4 Rxf7 25. Qxf7+ Kh8 26. Qxb7
Ne7 27. Qb6 Rc8 28. Qxa5 Rc2 29. Qd8+ Kh7 30. Rg3 Qf5 31. Bf3 Ng6 32. h3 Rd2
33. Be4 Qxe4 34. dxe4 Rxd8 35. Rf3 Rf8 36. Kf2 Kg8 37. Ke2 Rxf3 38. gxf3 Kf7
39. a4 Ne7 40. a5 Nc6 41. a6 g5 42. b4 Na7 43. Kd3 Ke6 44. Kc4 Kd6 45. b5 Nc8
46. Kb4 h5 47. Ka5 Kc5 48. Ka4 Na7 49. Kb3 Nxb5 50. Kc2 Kb6 51. Kd3 Nd6 52. Ke2
Kxa6 53. Kf2 Nxe4+ 54. Kg2 Nf6 55. f4 gxf4 56. exf4 exf4 57. Kf3 Nd5 0-1

[Event "?"]
[Site "?"]
[Date "2011.08.13"]
[Round "2.15"]
[White "Lecomte, Romain"]
[Black "Esser, Thomas"]
[Result "0-1"]
[WhiteElo "1789"]
[BlackElo "1910"]
[PlyCount "108"]
[EventDate "2011.??.??"]
[BlackTeam "SV Horrem 1948"]

1. d4 Nf6 2. c4 c6 3. Nf3 d5 4. Nc3 dxc4 5. a4 Bf5 6. e3 e6 7. Bxc4 Bb4 8. O-O
Nbd7 9. Qe2 O-O 10. Bd2 c5 11. Rac1 Qe7 12. Rfd1 Bg6 13. Ne1 Nb6 14. Bb3 cxd4
15. exd4 h6 16. Nd3 Bxd3 17. Qxd3 Rfd8 18. Qg3 Rxd4 19. h3 Bxc3 20. Bxc3 Ne4
21. Qe5 Rxd1+ 22. Bxd1 Nxc3 23. Rxc3 Nd5 24. Rb3 Rc8 25. Bf3 Rc1+ 26. Kh2 Qc7
27. Qxc7 Rxc7 28. Rb5 Rd7 29. a5 Kf8 30. h4 Ke7 31. g4 Kd6 32. g5 hxg5 33. hxg5
Ke5 34. Kg3 Kf5 35. Kh4 Kf4 36. Bh5 Rc7 37. Rb3 Ke4 38. Kg3 Kd4 39. Be2 b6 40.
axb6 axb6 41. f4 Rc2 42. Bf3 Kc5 43. Be4 Rc4 44. Kf3 Rb4 45. Rxb4 Nxb4 46. Bh7
Nc6 47. Bg8 Nd8 48. Bh7 g6 49. Ke3 Kd6 50. Kd4 Nc6+ 51. Kc4 Ne7 52. Kb5 Nd5 53.
b4 Ke7 54. Kc6 Kf8 0-1

[Event "?"]
[Site "?"]
[Date "2011.08.13"]
[Round "2.17"]
[White "Lessing, Sebastian"]
[Black "Dickmann, Thomas"]
[Result "0-1"]
[WhiteElo "1767"]
[BlackElo "1906"]
[PlyCount "78"]
[EventDate "2011.??.??"]
[WhiteTeam "SG Porz e.V."]
[BlackTeam "SV Wesel 1928 e.V."]

1. e4 c5 2. Nf3 g6 3. Bc4 Nc6 4. O-O Bg7 5. c3 e6 6. d3 Nge7 7. Be3 b6 8. Qc1
O-O 9. Bh6 d5 10. Bxg7 Kxg7 11. exd5 Nxd5 12. Bb5 Bb7 13. Bxc6 Bxc6 14. Ne5 Bb7
15. Re1 Qc7 16. c4 Ne7 17. Qc3 f6 18. Ng4 Nf5 19. Nd2 Nd4 20. Nb3 h5 21. Ne3 e5
22. f3 Rad8 23. Nc2 Bxf3 24. Nbxd4 exd4 25. Qd2 Bb7 26. b4 Rde8 27. bxc5 bxc5
28. Rab1 Qc6 29. Rf1 Re5 30. Rf2 Rfe8 31. Ne1 R8e7 32. Nf3 Re3 33. Nh4 Qe6 34.
Kf1 Qg4 35. g3 Qh3+ 36. Kg1 Rxg3+ 37. Ng2 Rxg2+ 38. Rxg2 Bxg2 39. Qxg2 Qe3+ 0-1

[Event "?"]
[Site "?"]
[Date "2011.08.13"]
[Round "2.19"]
[White "Margenberg, Volker"]
[Black "Jordans, Ralph"]
[Result "0-1"]
[WhiteElo "1713"]
[BlackElo "1848"]
[PlyCount "120"]
[EventDate "2011.??.??"]
[WhiteTeam "SV Wiehl 1923 e.V."]
[BlackTeam "Ford-SF Köln e.V."]

1. d4 Nf6 2. c4 g6 3. Nc3 Bg7 4. e4 d6 5. Nf3 O-O 6. Be2 Nc6 7. Be3 e5 8. d5
Ne7 9. h3 Ne8 10. g4 f5 11. gxf5 gxf5 12. exf5 Bxf5 13. Qd2 Nf6 14. O-O-O Ng6
15. Rdg1 Qd7 16. h4 Ne4 17. Nxe4 Bxe4 18. Rg3 Kh8 19. Rhg1 Qa4 20. a3 Bxf3 21.
Bxf3 Qxc4+ 22. Kb1 Rxf3 23. Rxf3 Qe4+ 24. Qc2 Qxf3 25. h5 Qxh5 26. Qxc7 Qf5+
27. Ka2 Qf8 28. Qxb7 a5 29. Qd7 e4 30. Rh1 Qf6 31. Qb7 Rf8 32. Rc1 Ne7 33. Rc7
Nf5 34. Bd2 Qg6 35. Bxa5 Nh6 36. Rxg7 Qxg7 37. Bc3 Qxc3 38. bxc3 Rxf2+ 39. Kb3
Nf5 40. Qc8+ Kg7 41. Qd7+ Kg6 42. Qe6+ Kg5 43. Qxe4 h5 44. Qe1 Rg2 45. Qf1 Rg3
46. Qf2 h4 47. a4 h3 48. Qh2 Kg4 49. a5 Nd4+ 50. Kc4 Nf3 51. Qe2 h2 52. Qe4+
Kh3 53. Qf5+ Kg2 54. Qc2+ Kf1 55. Qd3+ Kf2 56. Qc2+ Ke3 57. Qd3+ Kf4 58. Qh7
Rg1 59. Qh6+ Ke4 60. Qe6+ Ne5+ 0-1

[Event "?"]
[Site "?"]
[Date "2011.08.13"]
[Round "2.22"]
[White "Mischke, Eckhard"]
[Black "Ringeltaube, Denny"]
[Result "1-0"]
[WhiteElo "1813"]
[BlackElo "1633"]
[PlyCount "103"]
[EventDate "2011.??.??"]
[WhiteTeam "Sportgemeinschaft Kaarst 1912/35"]
[BlackTeam "Klub Kölner SF e.V. 1"]

1. Nf3 Nf6 2. g3 g6 3. Bg2 Bg7 4. c4 O-O 5. Nc3 d6 6. d4 Nbd7 7. O-O e5 8. d5
h6 9. Bd2 Nh7 10. e4 Ndf6 11. b4 Bd7 12. Nh4 c6 13. h3 cxd5 14. cxd5 Rc8 15.
Rc1 Rc4 16. Qb3 b5 17. Rfe1 a6 18. a4 Qb8 19. Bf1 Rc7 20. a5 Nh5 21. Be3 g5 22.
Nf5 Bxf5 23. exf5 N5f6 24. Bd3 Re8 25. f3 Nf8 26. Bb6 Rcc8 27. Ne4 N8d7 28. Be3
Bf8 29. Rc6 Nxe4 30. Bxe4 Qb7 31. Rec1 Nb8 32. R6c3 Nd7 33. Bd2 Qa7+ 34. Be3
Qb7 35. Qc2 Rxc3 36. Qxc3 Qb8 37. Qc6 Nf6 38. Qxa6 Kg7 39. Bb6 Nd7 40. Ba7 Qa8
41. Rc7 Nf6 42. Qxb5 Rc8 43. Rxc8 Qxc8 44. Qc6 Qd8 45. Bb6 Qe7 46. a6 g4 47.
hxg4 h5 48. Qb7 Qe8 49. Qc6 Qe7 50. a7 hxg4 51. a8=Q Nh5 52. Bd8 1-0

[Event "?"]
[Site "?"]
[Date "2011.08.13"]
[Round "2.23"]
[White "Stelzer, Wolfgang"]
[Black "Plitt, Stefan"]
[Result "0-1"]
[WhiteElo "1771"]
[BlackElo "1592"]
[PlyCount "86"]
[EventDate "2011.??.??"]
[WhiteTeam "SC Wittlich 1947"]
[BlackTeam "SF Köln-Mülheim e.V."]

1. c4 c5 2. Nc3 Nf6 3. g3 d5 4. cxd5 Nxd5 5. Bg2 Nc7 6. b3 e5 7. Bb2 g6 8. Nf3
Bg7 9. Qc2 Nc6 10. d3 b6 11. O-O Bb7 12. Qc1 Nd4 13. Nd2 Bxg2 14. Kxg2 Nd5 15.
Qd1 Nxc3 16. Bxc3 O-O 17. Kg1 f5 18. Bxd4 cxd4 19. Rc1 Bh6 20. Rc4 Rc8 21. Nf3
Bg7 22. Qc2 Rxc4 23. Qxc4+ Kh8 24. Rc1 e4 25. Ne1 Qf6 26. Qc6 Qxc6 27. Rxc6 Rd8
28. a4 Bf8 29. dxe4 fxe4 30. Rc1 Bc5 31. Kg2 Kg7 32. Rd1 Rf8 33. f3 Kf6 34.
fxe4 Ke5 35. Rd3 Kxe4 36. a5 bxa5 37. Rd1 Ke3 38. Rc1 Bb6 39. Nd3 Kxe2 40. Nf4+
Rxf4 41. gxf4 d3 42. Rc6 d2 43. Re6+ Be3 0-1

[Event "?"]
[Site "?"]
[Date "2011.08.13"]
[Round "2.24"]
[White "Zilberman, Rodion"]
[Black "Raabe, Stefan"]
[Result "0-1"]
[WhiteElo "1868"]
[BlackElo "1712"]
[PlyCount "118"]
[EventDate "2011.??.??"]
[WhiteTeam "SF Köln-Longerich 195"]
[BlackTeam "SGrupp Rochade Disteln 199"]

1. d4 e6 2. c4 c5 3. e3 f5 4. g3 Nf6 5. Bg2 Nc6 6. Nf3 b6 7. O-O Bb7 8. a3 Qc7
9. Nc3 a6 10. Qc2 cxd4 11. exd4 Rc8 12. b4 Ne7 13. c5 Ng6 14. Bg5 Be7 15. Rac1
h6 16. Bd2 O-O 17. Qd1 Nd5 18. Nxd5 Bxd5 19. h4 Qb7 20. Ne1 Bxg2 21. Nxg2 e5
22. h5 Nh8 23. dxe5 bxc5 24. Qb3+ Kh7 25. Qd3 Qb5 26. Qf3 c4 27. Bc3 Bg5 28.
Rcd1 Qa4 29. Bd4 Qc2 30. Bc5 Rfe8 31. Ne3 Bxe3 32. Qxe3 Nf7 33. f4 d6 34. Bxd6
c3 35. Rc1 Qa2 36. Bc5 Qxa3 37. Rxc3 Qa2 38. Qd3 Qe6 39. Ra3 Rc6 40. Rfa1 Rd8
41. Qb3 Qxb3 42. Rxb3 Rb8 43. Rba3 Ra8 44. Kf2 Nd8 45. Rd3 Nb7 46. Be3 Rc2+ 47.
Rd2 Rc4 48. Rb1 Rac8 49. Rd7 Rc2+ 50. Kf3 Nd8 51. Rd3 Ne6 52. Rd6 Nc7 53. Rbd1
Nb5 54. Rxa6 Nc3 55. Rd3 Rc4 56. Rd4 Rc8 57. e6 Ne4 58. e7 R8c3 59. e8=Q Rf2#
0-1

[Event "?"]
[Site "?"]
[Date "2011.08.13"]
[Round "2.28"]
[White "Hübben, Dominik"]
[Black "Jürgens, Oliver"]
[Result "1/2-1/2"]
[WhiteElo "1779"]
[BlackElo "1606"]
[PlyCount "90"]
[EventDate "2011.??.??"]
[WhiteTeam "Eschweiler SC 1921 e.V."]
[BlackTeam "SGrupp Rochade Disteln 199"]

1. d4 d5 2. c4 Nf6 3. cxd5 Qxd5 4. Nc3 Qa5 5. Nf3 Bf5 6. Qb3 Nbd7 7. Bd2 Qb6 8.
Qb5 e6 9. Nh4 Be4 10. f3 Bc6 11. Qc4 Be7 12. g3 Nd5 13. Ng2 a6 14. e4 Nxc3 15.
Qxc3 Nf6 16. Ne3 O-O 17. Nc4 Qa7 18. Be3 Qb8 19. Ne5 Bd7 20. Nxd7 Nxd7 21. Bc4
b5 22. Bb3 a5 23. O-O Nb6 24. Rac1 a4 25. Bd1 Nc4 26. Bf4 g5 27. Be3 Nxe3 28.
Qxe3 Qb6 29. Be2 Rfd8 30. Rfd1 e5 31. Kg2 exd4 32. Qd3 Rab8 33. b3 axb3 34.
axb3 c5 35. Rd2 b4 36. Ra2 Ra8 37. Rca1 Rxa2 38. Rxa2 Qb7 39. Qb5 Qxb5 40. Bxb5
Rb8 41. Bc4 Kf8 42. g4 Rb7 43. Bd5 Rc7 44. Bc4 Kg7 45. Bd3 h6 1/2-1/2

[Event "?"]
[Site "?"]
[Date "2011.08.13"]
[Round "2.30"]
[White "Vaskovitch, Mark"]
[Black "Sewald, Jörg"]
[Result "1-0"]
[WhiteElo "1738"]
[BlackElo "1525"]
[PlyCount "101"]
[EventDate "2011.??.??"]
[WhiteTeam "SF Köln-Longerich 195"]
[BlackTeam "SF Esch e.V."]

1. e4 e5 2. Nf3 Nc6 3. d4 exd4 4. Nxd4 Bc5 5. Nxc6 Qf6 6. Qf3 Qxf3 7. gxf3 dxc6
8. Bf4 Bb6 9. Nd2 Be6 10. Bc4 O-O-O 11. Bxe6+ fxe6 12. Nc4 Nf6 13. Nxb6+ cxb6
14. Rg1 Rd7 15. Ke2 Rf8 16. Be3 Nh5 17. Rg5 g6 18. Re5 Re8 19. Rd1 Rxd1 20.
Kxd1 Kd7 21. Rg5 Rf8 22. Ke2 Nf4+ 23. Bxf4 Rxf4 24. Rg4 Rf7 25. Ke3 e5 26. f4
Ke6 27. fxe5 Kxe5 28. f4+ Ke6 29. h4 Kf6 30. e5+ Ke6 31. Ke4 Rf5 32. Rg5 Rxg5
33. hxg5 Ke7 34. Kd4 Ke6 35. b3 Ke7 36. a4 Ke6 37. b4 Kd7 38. Kc4 Ke6 39. Kd4
Kd7 40. Ke4 Ke6 41. c3 Kd7 42. Kd4 Ke6 43. c4 Kd7 44. a5 Ke6 45. axb6 axb6 46.
Ke4 Kd7 47. f5 Ke7 48. c5 b5 49. e6 Ke8 50. f6 Kd8 51. Ke5 1-0

[Event "?"]
[Site "?"]
[Date "2011.08.13"]
[Round "2.32"]
[White "Dabringhaus, Christian"]
[Black "Schröter, Ron"]
[Result "1/2-1/2"]
[WhiteElo "1691"]
[BlackElo "1479"]
[PlyCount "66"]
[EventDate "2011.??.??"]
[WhiteTeam "Klub Kölner SF e.V. 1"]
[BlackTeam "SG Porz e.V."]

1. Nf3 d5 2. g3 b6 3. Bg2 Bb7 4. O-O Nf6 5. b3 e6 6. Bb2 Bd6 7. d4 Nbd7 8. Nbd2
O-O 9. h3 c5 10. c4 Ne4 11. h4 Rc8 12. Nxe4 dxe4 13. Ng5 cxd4 14. Bxd4 e5 15.
Bb2 Nc5 16. Qc2 b5 17. Nxe4 Nxe4 18. Bxe4 Bxe4 19. Qxe4 bxc4 20. bxc4 Qb6 21.
Rad1 Qxb2 22. Rxd6 Qxa2 23. Qxe5 Qxc4 24. Ra1 Rfe8 25. Qf4 Qxf4 26. gxf4 Rxe2
27. Rxa7 g6 28. Rdd7 Rcc2 29. Rxf7 Rxf2 30. Rg7+ Kf8 31. Rxh7 Rg2+ 32. Kh1 Rh2+
33. Kg1 Rhg2+ 1/2-1/2

[Event "?"]
[Site "?"]
[Date "2011.08.13"]
[Round "2.33"]
[White "Sherif, Amina"]
[Black "Meyer, Stefan"]
[Result "1/2-1/2"]
[WhiteElo "1559"]
[BlackElo "1673"]
[PlyCount "105"]
[EventDate "2011.??.??"]
[WhiteTeam "SG Solingen e.V."]
[BlackTeam "SV Grevenbroich 1953"]

1. e4 c5 2. Nc3 e6 3. f4 Nc6 4. Nf3 a6 5. d3 Nd4 6. Be2 Ne7 7. O-O Nec6 8. Be3
Be7 9. Qd2 d5 10. Nd1 dxe4 11. dxe4 Nxe2+ 12. Qxe2 O-O 13. Nc3 b5 14. Qf2 c4
15. Rfd1 Qc7 16. a3 Bb7 17. Qe2 Rfd8 18. Qf2 Rxd1+ 19. Rxd1 Rd8 20. Rxd8+ Qxd8
21. Qd2 Qxd2 22. Nxd2 Nb8 23. Kf2 Nd7 24. Bd4 Nf6 25. h3 h5 26. Ke3 Kf8 27. Kf2
Ke8 28. Ke3 Kd7 29. Nf3 Ke8 30. Nd2 g6 31. Nf3 Nd7 32. Kf2 Bc6 33. Ke3 a5 34.
Ne2 Nc5 35. Nd2 Kd7 36. Be5 f6 37. Bd4 f5 38. exf5 exf5 39. g3 Ne4 40. Nf3 Bd6
41. Ne5+ Bxe5 42. Bxe5 Ke6 43. Nd4+ Kd5 44. Nxc6 Kxc6 45. g4 Kd5 46. gxh5 gxh5
47. Bc7 a4 48. Be5 Ng3 49. Kf3 Nf1 50. Ke2 Ng3+ 51. Kf3 Ne4 52. Ke3 Nc5 53. Bc3
1/2-1/2

[Event "?"]
[Site "?"]
[Date "2011.08.13"]
[Round "2.36"]
[White "Grasse, Herbert"]
[Black "Steinberg, Florian"]
[Result "1-0"]
[WhiteElo "1632"]
[BlackElo "1367"]
[PlyCount "71"]
[EventDate "2011.??.??"]
[WhiteTeam "SV Kamen 1930"]
[BlackTeam "Klub Kölner SF e.V. 1"]

1. Nf3 d5 2. g3 Nf6 3. Bg2 e6 4. O-O c5 5. d3 Be7 6. h4 Bd7 7. Nbd2 Bc6 8. Ne5
O-O 9. Nxc6 bxc6 10. e4 Nbd7 11. Qe2 Re8 12. e5 Nxe5 13. Qxe5 Ng4 14. Qe2 h5
15. Nf3 Bd6 16. Nh2 Nxh2 17. Kxh2 Qxh4+ 18. Kg1 Qd4 19. c3 Qe5 20. Qf3 Qf5 21.
Qxf5 exf5 22. Bf3 g6 23. c4 Kg7 24. cxd5 cxd5 25. Bxd5 Rad8 26. Bf3 Rh8 27. Be3
h4 28. gxh4 f6 29. Kg2 Rxh4 30. Rh1 Rb4 31. Bh6+ Kf7 32. Bd2 Rxb2 33. Bd5+ Ke7
34. Rh7+ Ke8 35. Bh6 Be5 36. Bc6+ 1-0

[Event "?"]
[Site "?"]
[Date "2011.08.13"]
[Round "2.37"]
[White "Runte, Dirk"]
[Black "Sherif, Malik"]
[Result "1-0"]
[WhiteElo "1593"]
[BlackElo "896"]
[PlyCount "60"]
[EventDate "2011.??.??"]
[WhiteTeam "SV Fideler Bauer Lever"]
[BlackTeam "SG Solingen e.V."]

1. d4 d5 2. Nf3 Nf6 3. c4 e6 4. g3 Be7 5. Bg2 O-O 6. O-O dxc4 7. Ne5 Re8 8.
Nxc4 Nc6 9. e3 Bd7 10. Nc3 Bd6 11. e4 e5 12. d5 Ne7 13. Nxd6 cxd6 14. Bg5 Ng6
15. Qf3 Bg4 16. Bxf6 Bxf3 17. Bxd8 Bxg2 18. Kxg2 Raxd8 19. Rfc1 Rc8 20. Nb5
Rxc1 21. Rxc1 Rd8 22. Nxa7 Ra8 23. Rc8+ Rxc8 24. Nxc8 h6 25. Nxd6 b6 26. Nc4 b5
27. Nd6 b4 28. a4 Ne7 29. a5 b3 30. a6 g5 1-0

[Event "?"]
[Site "?"]
[Date "2011.08.13"]
[Round "2.38"]
[White "Fieberg, Samuel"]
[Black "Busse, Alexander"]
[Result "1-0"]
[WhiteElo "1530"]
[BlackElo "1578"]
[PlyCount "89"]
[EventDate "2011.??.??"]
[WhiteTeam "SG Porz e.V."]
[BlackTeam "Brühler SK 1920 e.V."]

1. e4 c5 2. Nf3 Nc6 3. d4 e6 4. Nc3 b6 5. Bf4 Nxd4 6. Nxd4 cxd4 7. Qxd4 Bc5 8.
Qxg7 Qf6 9. Qxf6 Nxf6 10. Be5 Ke7 11. f3 d6 12. Bg3 Nh5 13. Bh4+ f6 14. Bf2 Bb4
15. Kd2 Bb7 16. a3 Bxc3+ 17. Kxc3 Rhc8+ 18. Kd2 e5 19. c4 Nf4 20. g3 Ne6 21. b3
f5 22. Bg2 fxe4 23. fxe4 Ng5 24. Kd3 Rf8 25. Be3 Ne6 26. Rhf1 h5 27. Bh3 Nc5+
28. Bxc5 dxc5 29. Rf5 Rad8+ 30. Ke3 Rd4 31. Rxe5+ Kd6 32. Re6+ Kc7 33. Bf5 Rfd8
34. Rb1 Rd2 35. h3 R8d3+ 36. Kf4 Rf2+ 37. Ke5 Rff3 38. g4 hxg4 39. hxg4 Rxb3
40. Rxb3 Rxb3 41. g5 Bc8 42. Re7+ Kd8 43. Kf6 Rxa3 44. g6 a6 45. g7 1-0

[Event "?"]
[Site "?"]
[Date "2011.08.13"]
[Round "2.40"]
[White "Masalsky, Boris"]
[Black "Kirste, Ansgar"]
[Result "1/2-1/2"]
[WhiteElo "1477"]
[BlackElo "1573"]
[PlyCount "114"]
[EventDate "2011.??.??"]
[WhiteTeam "LSV Turm Lippstadt"]
[BlackTeam "SV Erftstadt e.V."]

1. e4 c5 2. Nf3 d6 3. d4 cxd4 4. Nxd4 Nf6 5. Nc3 g6 6. Be2 Bg7 7. Be3 O-O 8.
O-O Bd7 9. f4 Nc6 10. f5 Nxd4 11. Bxd4 Bc6 12. Bf3 Qc7 13. h4 e5 14. Be3 gxf5
15. exf5 e4 16. Be2 d5 17. Qe1 Rad8 18. Rd1 h5 19. Bd4 Kh7 20. Qf2 Ng4 21. Bxg4
Bxd4 22. Rxd4 hxg4 23. f6 Qe5 24. Qe3 Rg8 25. Rf4 Qh5 26. g3 Qe5 27. Ne2 Bb5
28. c3 Bxe2 29. Qxe2 Rd6 30. Rxg4 Rxf6 31. Rxg8 Kxg8 32. Kg2 Rg6 33. Qe3 f5 34.
Kf2 Rg4 35. Rd1 f4 36. gxf4 Rxf4+ 37. Kg2 Rf3 38. Qg5+ Qxg5+ 39. hxg5 Rf5 40.
Rd2 Rxg5+ 41. Kf2 Kf7 42. Rd4 Ke6 43. c4 Kd6 44. cxd5 Rxd5 45. Ke3 Rxd4 46.
Kxd4 a5 47. Kxe4 Kc5 48. Kd3 Kb4 49. Kd4 a4 50. Kd3 Kc5 51. Kc3 b6 52. Kd3 Kb4
53. Kc2 Kc4 54. Kd2 b5 55. Kc2 b4 56. Kd2 b3 57. a3 Kd4 1/2-1/2

[Event "?"]
[Site "?"]
[Date "2011.08.13"]
[Round "2.41"]
[White "Jansen, Kurt"]
[Black "Rahmen, Christian"]
[Result "1-0"]
[WhiteElo "1401"]
[BlackElo "1572"]
[PlyCount "93"]
[EventDate "2011.??.??"]
[WhiteTeam "SK Sülz-Klettenberg"]
[BlackTeam "SG Porz e.V."]

1. e4 c5 2. Nf3 d6 3. Nc3 Nf6 4. d4 cxd4 5. Nxd4 a6 6. Bd3 e6 7. O-O Qc7 8.
Nde2 Nbd7 9. Ng3 b5 10. a3 Bb7 11. Be3 Rc8 12. Rc1 Be7 13. h3 Ne5 14. Be2 Nc4
15. Bxc4 Qxc4 16. Qd3 O-O 17. Qxc4 Rxc4 18. f3 Rfc8 19. Rf2 d5 20. exd5 Nxd5
21. Nxd5 Bxd5 22. c3 Bh4 23. Kh2 f5 24. f4 Rf8 25. Rd2 g5 26. Ne2 Re4 27. Bc5
Rf7 28. g3 gxf4 29. gxh4 Rg7 30. Rg1 Rxg1 31. Bxg1 Bc4 32. Nd4 Kf7 33. Nf3 h6
34. Bd4 Be2 35. Kg2 Kg6 36. Kf2 Bxf3 37. Kxf3 a5 38. Rg2+ Kh5 39. Bf2 b4 40.
axb4 axb4 41. cxb4 Rxb4 42. Bc5 Re4 43. Re2 Rxe2 44. Kxe2 Kxh4 45. Kf3 e5 46.
Bd6 e4+ 47. Kxf4 1-0

[Event "?"]
[Site "?"]
[Date "2011.08.13"]
[Round "2.44"]
[White "Mertens, Yannick"]
[Black "Goujov, Alexander"]
[Result "1/2-1/2"]
[WhiteElo "1070"]
[BlackElo "1470"]
[PlyCount "37"]
[EventDate "2011.??.??"]
[WhiteTeam "SF 1974 Heinsberg e.V"]
[BlackTeam "Rheydter SV 1920"]

1. e4 c5 2. Nf3 Nc6 3. d4 cxd4 4. Nxd4 e6 5. Nc3 Qc7 6. Be2 Nf6 7. O-O a6 8.
Bg5 Be7 9. Re1 b5 10. a3 Bb7 11. Nf3 h6 12. Bh4 Ne5 13. Bg3 d6 14. Nxe5 dxe5
15. Bf3 Rd8 16. Qe2 b4 17. axb4 Bxb4 18. Nb5 Qc5 19. c3 1/2-1/2

[Event "?"]
[Site "?"]
[Date "2011.08.13"]
[Round "2.46"]
[White "Klein, Andreas Peter"]
[Black "Statz, Samuel"]
[Result "1-0"]
[WhiteElo "1310"]
[BlackElo "995"]
[PlyCount "69"]
[EventDate "2011.??.??"]
[WhiteTeam "SV 1925 Hürth-Berrenra"]
[BlackTeam "SV Erftstadt e.V."]

1. d4 d5 2. c4 Nf6 3. Nc3 Bf5 4. a3 Nc6 5. Nf3 Ne4 6. Nxd5 e6 7. Nc3 Nxc3 8.
bxc3 b6 9. e3 Qf6 10. Bd3 O-O-O 11. O-O e5 12. Bxf5+ Qxf5 13. Qa4 Kb7 14. Bd2
Qf6 15. Rfb1 e4 16. Ne1 a6 17. Nc2 Na7 18. Nb4 Bxb4 19. axb4 b5 20. cxb5 Nxb5
21. c4 Nxd4 22. exd4 Ra8 23. Be3 c6 24. Qa5 Qe6 25. c5 Qf6 26. Qb6+ Kc8 27.
Rxa6 Rxa6 28. Qxa6+ Kd7 29. b5 cxb5 30. Qxf6 gxf6 31. Rxb5 Kc6 32. Rb6+ Kd5 33.
Rxf6 Rc8 34. Rxf7 h5 35. Rf5+ 1-0

[Event "?"]
[Site "?"]
[Date "2011.08.13"]
[Round "2.47"]
[White "Klein, Markus"]
[Black "Halle, Matthias"]
[Result "1-0"]
[WhiteElo "1303"]
[BlackElo "960"]
[PlyCount "59"]
[EventDate "2011.??.??"]
[WhiteTeam "SK Sülz-Klettenberg"]
[BlackTeam "SG Burgtonna"]

1. d4 d6 2. e3 g6 3. Be2 Bg7 4. Nd2 Nf6 5. Bf3 Nbd7 6. Nb3 O-O 7. Ne2 Nb6 8.
Ng3 d5 9. Bd2 Nc4 10. Rb1 Nd6 11. a3 c6 12. O-O Nfe4 13. Bb4 Nxg3 14. fxg3 Bh6
15. Re1 Bf5 16. g4 Be4 17. Nd2 a5 18. Bc3 Qd7 19. h3 b5 20. Bxe4 Nxe4 21. Nxe4
dxe4 22. Qd2 Qd6 23. Bxa5 Bg5 24. Bb4 Qg3 25. Qf2 Qc7 26. Rf1 f6 27. Qd2 Qg3
28. Rbe1 Rad8 29. Bxe7 Rxd4 30. Qxd4 1-0

[Event "?"]
[Site "?"]
[Date "2011.08.13"]
[Round "2.48"]
[White "Hingst, Dieter Max Otto"]
[Black "Kaiser, Anton"]
[Result "1-0"]
[WhiteElo "942"]
[BlackElo "1217"]
[PlyCount "83"]
[EventDate "2011.??.??"]
[WhiteTeam "Brühler SK 1920 e.V."]
[BlackTeam "SV 1925 Hürth-Berrenra"]

1. d4 d5 2. Nf3 Nc6 3. Nc3 e6 4. e3 Bb4 5. Bd2 Nf6 6. a3 Bxc3 7. Bxc3 O-O 8.
Bd3 Re8 9. Ne5 Ne4 10. Qf3 Nxe5 11. dxe5 Nxc3 12. bxc3 Qg5 13. Qh3 g6 14. f4
Qe7 15. g4 f5 16. g5 Qc5 17. Kd2 b5 18. Qh6 Bd7 19. h4 Re7 20. h5 Be8 21. hxg6
Bxg6 22. Be2 Qc6 23. Bh5 d4 24. cxd4 Bxh5 25. Qxh5 Qg2+ 26. Qe2 Qe4 27. Qxb5 c6
28. Qe2 Rd8 29. g6 hxg6 30. Qh2 Rxd4+ 31. exd4 Qxd4+ 32. Ke2 Qe4+ 33. Kf1 Qc4+
34. Qe2 Qxf4+ 35. Ke1 Rb7 36. Rd1 g5 37. Rh6 Qg3+ 38. Kf1 f4 39. Qe4 Rg7 40.
Rd8+ Kf7 41. Rd7+ Ke8 42. Rxg7 1-0

[Event "?"]
[Site "?"]
[Date "2011.08.13"]
[Round "2.50"]
[White "Sewald, Kathrin"]
[Black "Schwibbert, Jonas"]
[Result "1-0"]
[WhiteElo "847"]
[BlackElo "1163"]
[PlyCount "83"]
[EventDate "2011.??.??"]
[WhiteTeam "SG Porz e.V."]
[BlackTeam "SV 1925 Hürth-Berrenra"]

1. e4 e5 2. Nf3 Nf6 3. Nxe5 Qe7 4. Nf3 Nxe4 5. Be2 b6 6. O-O Bb7 7. Re1 Qf6 8.
Nc3 Ng5 9. Ba6+ Be7 10. Bxb7 c6 11. Bxa8 O-O 12. Bb7 Bd6 13. d4 Nxf3+ 14. Qxf3
Qh4 15. h3 Qxd4 16. Rd1 Qe5 17. g3 Bc5 18. Bf4 Qf5 19. Rac1 g5 20. g4 Qxf4 21.
Qxf4 gxf4 22. Ne4 d5 23. Nf6+ Kh8 24. Re1 Bd4 25. Re8 Rxe8 26. Nxe8 Bxb2 27.
Re1 a5 28. Re7 f6 29. Rc7 d4 30. Rc8 c5 31. Rxb8 c4 32. Nxf6+ Kg7 33. Nh5+ Kh6
34. Be4 f3 35. Rxb6+ Kg5 36. Rxb2 d3 37. cxd3 c3 38. Rc2 a4 39. Rxc3 a3 40.
Rc5+ Kh4 41. Nf6 Kxh3 42. Rh5# 1-0